000 00459nam a2200193Ia 4500
003 GCL
008 140319s9999 xx 000 0 eng d
040 _aGCL /
_cGCL
082 0 4 _aCC
_b916.204
_bC V
100 1 _aIFAO
245 1 0 _aVOYAGES EN EGYPTE 1549-1552 /
_cIFAO
700 1 _aCHESNEAU, JEAN
700 1 _aTHEVET, ANDRE
260 _a[S.N] :
_bIFAO ،
_c1984
650 0 4 _aEGYPT
650 0 4 _aTRAVELS
650 0 4 _aCOLLECTIONS
942 _2ddc
_cBK
999 _c17544
_d17544